| 000 | 00554nam a2200169Ia 4500 | ||
|---|---|---|---|
| 005 | 20250213002123.0 | ||
| 008 | 240331s9999 xx 000 0 und d | ||
| 020 | _a9555520194 | ||
| 082 |
_bDEW _a954 |
||
| 100 | _aDewaraja, L.S | ||
| 245 | 4 | _aThe Kandyan kingdom of Sri Lanka 1707-1782 | |
| 250 | _a2nd | ||
| 260 |
_aColombo _bLake House Investment Ltd _c1988 |
||
| 300 | _a304 p ., | ||
| 500 | _aThe Publication of the Second edition of the Kandyan Kingdom Enlarged and revised was possible due to the interest shown by J.R. Jayewardene | ||
| 942 | _cL | ||
| 999 |
_c3533 _d3533 |
||